| 000 | 00973cam a22002773a 4500 | ||
|---|---|---|---|
| 001 | 19467 | ||
| 003 | PGUSA | ||
| 005 | 20140828083419.0 | ||
| 008 | 061005s2006||||xxu|||||s|||||000 1 eng d | ||
| 040 |
_aPGUSA _beng |
||
| 042 | _adc | ||
| 050 | 4 | _aPZ | |
| 100 | 1 |
_aBaum, L. Frank _q(Lyman Frank), _d1856-1919 |
|
| 245 | 1 | 0 |
_aLittle Wizard Stories of Oz _h[electronic resource] / _cL. Frank Baum |
| 260 |
_bProject Gutenberg, _c2006 |
||
| 505 | 0 | _aThe Cowardly Lion and the Hungry Tiger -- Little Dorothy and Toto -- Tiktok and the Nome King -- Ozma and the little wizard -- Jack Pumpkinhead and the Sawhorse -- The Scarecrow and the Tin Woodman. | |
| 506 | _aPublic domain in the USA. | ||
| 516 | _aElectronic text | ||
| 653 | _aFantasy | ||
| 653 | _aShort stories | ||
| 653 | _aOz (Imaginary place) -- Fiction | ||
| 653 | _aChildren's stories, American | ||
| 830 | 0 |
_aProject Gutenberg _v19467 |
|
| 856 | 4 | 0 | _uhttp://www.gutenberg.org/ebooks/19467 |
| 942 | _cEB | ||
| 999 |
_c248722 _d248722 |
||